000 00899nam a2200265Ia 4500
003 OSt
005 20220930072736.0
006 a|||||r|||| 00| 0
007 ta
008 220926b |||||||| |||| 00| 0 eng d
024 _a24852
037 _cTheses
040 _aCRL
_cCRL
_beng
041 _2eng
_aeng
100 _aChandrashekhar
_9423068
110 _aUniversity of Delhi. Faculty of Medical Sciences. Department of Medicine
245 0 _aEffect of recombinant human erythropoietin (rHuEPO) on cardiovascular haemodynamic alterations due to anaemia in chronic renal failure (CRF)
260 _c1998
300 _a122p.
_ap.
_ccm.
650 _aMEDICINE
700 _a Dr N P Singh Supervisor
_9520808
700 _aUniversity of Delhi. Faculty of Medical Sciences. Department of Medicine
942 _cDIS
_2CC
999 _c864254
_d864254